000 00316nam a22001217a 4500
008 181003b xxu||||| |||| 00| 0 eng d
041 _aeng
080 _a101
100 _a24
101 _aFil
245 _aThe Polish Academy Of Sciences Institute Of Philosophy And Sociology
_cAndorka.r
942 _2udc
_cBK
999 _c48787
_d48787